| 000 | 01699nam0a22002771 4500 | ||
|---|---|---|---|
| 001 | rc\4490135 | ||
| 005 | 20260407150340.0 | ||
| 021 |
_aRU _b[64-69073] |
||
| 035 | _a(NLR Aleph) 008607924 | ||
| 090 |
_a8745331 _c8745331 |
||
| 100 | _a20130416d1964 |||y0rusy50 ca | ||
| 101 | 0 | _arus | |
| 102 | _aRU | ||
| 105 | _aa z ||||| | ||
| 200 | 1 |
_aКонвейерные агрегаты для съемки шкур с туш животных и консервирование шкур в подвесных барабанах и шнековых аппаратах _e(Материалы семинара). [15-28 июня 1963 г. Ярославль] _fГос. ком. Совета Министров РСФСР по координации науч.-исслед. работ. Гос. науч.-исслед. ин-т науч. и техн. информации |
|
| 210 |
_aМосква _cБ. и. _d1964 |
||
| 215 |
_a48 с. _cил. _d22 |
||
| 606 |
_aШкуры _xКонсервирование _xМеханизация _2psbo |
||
| 606 |
_aМясные туши _xСъемка шкур _xМеханизация _2psbo |
||
| 712 | 0 | 2 |
_aНИИ научной и технической информации _cМосква _3RU\NLR\AUTH\8810024840 _9547909 |
| 712 | 0 | 2 | _aСеминар по изучению усовершенствованных конвейерных агрегатов для съемки шкур с туш животных и консервирования шкур в подвесных барабанах и шнековых аппаратах. (1963; Ярославль) |
| 801 | 0 |
_aRU _bNLR _gpsbo |
|
| 801 | 1 |
_aRU _bELAR _2rusmarc |
|
| 852 |
_aNLR _j64-6/10283 |
||
| 942 | _cBOOK | ||
| 980 | _aNB | ||